[Event "Masters"]
[Site "Can Picafort ESP"]
[Date "2008.10.21"]
[Round "2"]
[White "Moskalenko,V1"]
[Black "Galego,L"]
[Result "1/2-1/2"]
[WhiteElo "2568"]
[BlackElo "2484"]

1.Nf3 Nf6 2.c4 e6 3.d4 Bb4+ 4.Bd2 c5 5.Bxb4 cxb4 6.e3 O-O 7.Bd3 d6 8.O-O a5
9.Nbd2 Qe7 10.Qc2 Na6 11.Rac1 b6 12.Ng5 g6 13.Nge4 Nxe4 14.Bxe4 Rb8 15.Rfe1 e5
16.dxe5 dxe5 17.Bd5 Nc5 18.Nb3 Bf5 19.e4 Bd7 20.Nxc5 bxc5 21.Qd2  1/2-1/2

[Event "24th ECC"]
[Site "Kallithea GRE"]
[Date "2008.10.21"]
[Round "5"]
[White "Hammes,M"]
[Black "Haba,P"]
[Result "0-1"]
[WhiteElo "2399"]
[BlackElo "2546"]

1.d4 Nf6 2.c4 e6 3.Nf3 Bb4+ 4.Bd2 Qe7 5.g3 Nc6 6.Nc3 Bxc3 7.Bxc3 Ne4 8.Rc1 O-O
9.Bg2 d6 10.d5 Nxc3 11.Rxc3 Nd8 12.O-O Bd7 13.Qd2 a5 14.Nd4 Rc8 15.b3 c5
16.dxc6 bxc6 17.Rd1 Nb7 18.Nc2 Rfd8 19.a3 d5 20.b4 axb4 21.axb4 Nd6 22.Na3 Nf5
23.Rd3 c5 24.bxc5 Ba4 25.Rb1 d4 26.Qa5 Be8 27.g4 Nh4 28.Qd2 Nxg2 29.Kxg2 e5
30.Nb5 Qxc5 31.e3 Qxc4 32.Na7 Ra8 33.Ra3 dxe3  0-1

[Event "WYCC Girls U18"]
[Site "Vung Tau City VIE"]
[Date "2008.10.21"]
[Round "2"]
[White "Golubenko,Valen"]
[Black "Hannes,D"]
[Result "1-0"]
[WhiteElo "2273"]
[BlackElo "2055"]

1.d4 Nf6 2.c4 e6 3.Nf3 Bb4+ 4.Bd2 Be7 5.Nc3 d5 6.e3 O-O 7.Bd3 a6 8.O-O c5
9.cxd5 exd5 10.Rc1 c4 11.Bb1 b5 12.e4 Bb7 13.e5 Ne4 14.Be3 f5 15.exf6 Bxf6
16.Nd2 Nd6 17.Nxd5 Bxd5 18.Qh5 Nf5 19.Qxf5 g6 20.Qg4 Nc6 21.b3 Na5 22.bxc4 Nxc4
23.Nxc4 Bxc4 24.Rfd1 Qd6 25.Bf4 Qd5 26.Bh6 Bg7 27.Bxg7 Kxg7 28.Be4 Qf7 29.Bxa8 Qxf2+
30.Kh1 Be2 31.Qg3 Qxg3 32.hxg3 Bxd1 33.Bb7 Be2 34.Bxa6 Rd8 35.Rc2 Bc4 36.a4 Rxd4
37.axb5 Kf6 38.Kg1 Ke5 39.Kf2 h5 40.Bb7 h4 41.gxh4 Rxh4 42.Bf3 Kd4 43.b6 Rh1
44.b7 Rf1+ 45.Kg3 Rb1 46.Rd2+ Bd3 47.Ra2 Be4 48.Ra4+  1-0

[Event "Masters"]
[Site "Can Picafort ESP"]
[Date "2008.10.23"]
[Round "6"]
[White "Movsziszian,K"]
[Black "Galego,L"]
[Result "1/2-1/2"]
[WhiteElo "2558"]
[BlackElo "2484"]

1.d4 Nf6 2.c4 e6 3.Nf3 Bb4+ 4.Bd2 Qe7 5.g3 O-O 6.Bg2 Bxd2+ 7.Qxd2 d6 8.Nc3 e5
9.O-O Re8 10.e4 Bg4 11.d5 Bxf3 12.Bxf3 a5 13.Bg2 Na6 14.Rfe1 Nc5 15.h4 c6
16.Qe2 cxd5 17.cxd5 a4 18.Bh3 Qc7 19.Rac1 Qb6 20.Rc2  1/2-1/2

[Event "Open A"]
[Site "Le Touquet FRA"]
[Date "2008.10.25"]
[Round "1"]
[White "D'Costa,L"]
[Black "Potaux,O"]
[Result "1-0"]
[WhiteElo "2411"]
[BlackElo "1994"]

1.d4 Nf6 2.c4 e6 3.Nf3 Bb4+ 4.Bd2 Qe7 5.g3 Nc6 6.Nc3 O-O 7.Bg2 d6 8.O-O a5
9.Rc1 e5 10.Bg5 Bxc3 11.Rxc3 h6 12.Be3 e4 13.Nd2 Bf5 14.Qa4 Qd7 15.Rfc1 Rfe8
16.Rb3 Reb8 17.Rb5 Ne7 18.d5 Ng6 19.Qa3 b6 20.Bd4 Re8 21.Bxf6 gxf6 22.Qe3 Kh7
23.Qd4 Qe7 24.Rb3 Qe5 25.Qxe5 Rxe5 26.Re3 Rae8 27.b3 Nf8 28.a3 Bg6 29.b4 axb4
30.axb4 Ra8 31.Nxe4 Bxe4 32.Bxe4+ Kg7 33.f4 Ree8 34.Kf2 Ra4 35.Rb1 Rea8 36.Bf5 Ra3
37.Re7 R8a7 38.c5 bxc5 39.bxc5 dxc5 40.Rb8 Ng6 41.Bxg6 Kxg6 42.Rg8+ Kf5 43.e4+  1-0

[Event "Open A"]
[Site "Le Touquet FRA"]
[Date "2008.10.25"]
[Round "1"]
[White "Massoels,T"]
[Black "Dobrev,Nan"]
[Result "0-1"]
[WhiteElo "1993"]
[BlackElo "2408"]

1.d4 Nf6 2.c4 e6 3.Nf3 Bb4+ 4.Bd2 Qe7 5.Nc3 d5 6.Qc2 O-O 7.e3 c6 8.a3 Bd6
9.Bd3 Nbd7 10.O-O dxc4 11.Bxc4 e5 12.Bd3 Re8 13.Ng5 h6 14.Nge4 exd4 15.exd4 Nxe4
16.Nxe4 Nf6 17.Rae1 Nxe4 18.Rxe4 Be6 19.f4 Qf6 20.f5 Bd5 21.Rg4 Bc7 22.Qc1 Kh8
23.Rf2 Rad8 24.a4 Rd7 25.a5 a6 26.b4 Rde7 27.Qc3 Be4 28.d5 Qxc3 29.Bxc3 Bxd3
30.Bxg7+ Kh7 31.g3 Re4  0-1

[Event "Vasylyshyn Mem"]
[Site "Lviv UKR"]
[Date "2008.10.25"]
[Round "6"]
[White "Margvelashvili,G"]
[Black "Leniart,A"]
[Result "1-0"]
[WhiteElo "2478"]
[BlackElo "2368"]

1.d4 Nf6 2.c4 e6 3.Nf3 Bb4+ 4.Bd2 Qe7 5.g3 Bxd2+ 6.Qxd2 d6 7.Bg2 O-O 8.Nc3 e5
9.O-O Re8 10.e4 Bg4 11.d5 Bxf3 12.Bxf3 c5 13.Bg2 Nbd7 14.f4 a6 15.a4 a5 16.Rae1 b6
17.Bf3 h6 18.Nd1 Qf8 19.Qg2 Re7 20.h4 g6 21.Nc3 Qg7 22.Nb5 Ne8 23.h5 Ndf6
24.hxg6 fxg6 25.Qh3 h5 26.Qh4 Rd8 27.Bg2 Ng4 28.Bh3 Nef6 29.Bxg4 Nxg4 30.f5 Qf6
31.fxg6 Qxh4 32.gxh4 Kg7 33.Rf5 Nf6 34.Nc3 Kxg6 35.Ref1 Rf7 36.Rg5+ Kh6 37.Ne2 Rdd7
38.Ng3 Kh7 39.Kg2 Kh8 40.Rgf5  1-0

[Event "Grand Prix CCAS"]
[Site "Cap D'Agde FRA"]
[Date "2008.10.27"]
[Round "3"]
[White "Demuth,A"]
[Black "Kosten,A"]
[Result "1/2-1/2"]
[WhiteElo "2332"]
[BlackElo "2510"]

1.d4 Nf6 2.c4 e6 3.Nf3 Bb4+ 4.Bd2 a5 5.g3 d5 6.Qc2 c5 7.cxd5 cxd4 8.Nxd4 O-O
9.Bg2 Qb6 10.e3 exd5 11.O-O Nc6 12.Nxc6 bxc6 13.Bc3 Be7 14.Bd4 c5 15.Bxf6 Bxf6
16.Nc3 Bxc3 17.bxc3 Be6 18.Rfd1 Rad8 19.Rab1 Qc7 20.Qa4 Qe7 21.Qa3 Rb8 22.Rxb8 Rxb8
23.Qxa5 g6 24.Qa4 Qf6 25.Qf4 Qxf4 26.gxf4 d4 27.cxd4 cxd4 28.a4 d3 29.Be4 Rb4
30.Bxd3 Rxa4 31.Kg2 Bc4 32.Bc2 Ra2 33.Bb1 Ra1 34.f5 Kg7 35.fxg6 Bb3 36.Rf1 Bd5+
37.e4 Bb7 38.f3 hxg6 39.Bd3 Rxf1 40.Bxf1 Kf6 41.Bc4 Ke5 42.Kg3 f6 43.h4 Bxe4
44.fxe4 Kxe4 45.Bf7 Ke5 46.Bxg6 f5 47.h5  1/2-1/2

[Event "Open A"]
[Site "Le Touquet FRA"]
[Date "2008.10.27"]
[Round "3"]
[White "Lecoeur,B"]
[Black "Aglave,A"]
[Result "0-1"]
[WhiteElo "1729"]
[BlackElo "2136"]

1.d4 Nf6 2.c4 e6 3.Nf3 Bb4+ 4.Bd2 Qe7 5.e3 a5 6.Bd3 d6 7.a3 Bxd2+ 8.Nbxd2 O-O
9.O-O e5 10.dxe5 dxe5 11.Qc2 Nbd7 12.Ng5 g6 13.Nge4 Nxe4 14.Nxe4 f5 15.Nd2 a4
16.b3 axb3 17.Nxb3 Nc5 18.Nxc5 Qxc5 19.a4 Bd7 20.Rfd1 Bc6 21.Rf1 Ra5 22.Be2 Rfa8
23.Rfb1 Bxa4 24.Qd3 Bc6 25.Rxa5 Qxa5 26.Qd1 Qc5 27.Bf3 e4 28.Be2 Qe7 29.Qc2 Rd8
30.c5 Qe5 31.Bc4+ Kg7 32.h3 Qxc5 33.Qc3+ Kh6 34.Qf6 Qd6 35.Qb2 Rf8 36.Bb5 Bxb5
37.Qxb5 b6 38.Qb2 Rd8 39.Rc1 c5 40.Rb1 Rb8 41.Qb5 Qd3 42.Rb3 Qxb5 43.Rxb5 Kg7
44.Kf1 Kf6 45.Ke2 Ke6 46.Kd2 Kd6 47.Kc3 Kc6 48.Kc4 Ra8 49.Rb2 Ra4+ 50.Kc3 b5
51.f3 Rc4+ 52.Kd2 Ra4 53.Kc3 b4+ 54.Kb3 Ra3+ 55.Kc2 Kb5 56.Rb1 c4 57.Rd1 Rd3
58.Ra1 b3+  0-1

[Event "Open A"]
[Site "Le Touquet FRA"]
[Date "2008.10.29"]
[Round "6"]
[White "Vaillant,S"]
[Black "Hanly,S"]
[Result "1-0"]
[WhiteElo "1985"]
[BlackElo "2055"]

1.d4 e6 2.Nf3 Nf6 3.c4 Bb4+ 4.Bd2 Bxd2+ 5.Qxd2 d5 6.e3 O-O 7.Nc3 Qe7 8.Bd3 dxc4
9.Bxc4 Rd8 10.Qe2 c5 11.O-O cxd4 12.exd4 Nbd7 13.Rad1 Nb6 14.Bb3 Nbd5 15.Rfe1 b6
16.Ne5 Bb7 17.Qd2 Qf8 18.g3 Rac8 19.Qd3 Nb4 20.Qd2 Nbd5 21.Qd3 a6 22.Qb1 b5
23.Ne2 Ba8 24.Nc1 Nb6 25.Nxf7 Nc4 26.Ng5 h6 27.Nxe6 Qd6 28.Qg6 Rd7 29.Nf4 Qc6
30.d5 Qd6 31.Re6 Qc7 32.Bxc4 Qxc4 33.Rxf6 Rxd5 34.Qf7+ Kh8 35.Rxh6+  1-0

[Event "WYCC Boys U18"]
[Site "Vung Tau City VIE"]
[Date "2008.10.29"]
[Round "10"]
[White "Matlakov,M"]
[Black "Nguyen Ngoc Truong Son"]
[Result "1/2-1/2"]
[WhiteElo "2490"]
[BlackElo "2567"]

1.d4 Nf6 2.c4 e6 3.Nf3 Bb4+ 4.Bd2 Bxd2+ 5.Qxd2 d6 6.g3 Qe7 7.Bg2 e5 8.Nc3 Nbd7
9.O-O O-O 10.e4 c6 11.Rad1 Nb6 12.b3 Bg4 13.h3 Bxf3 14.Bxf3 a5 15.Qe3 Nbd7
16.Bg4 Rfe8 17.Bxd7 Qxd7 18.Kg2 Qc7 19.d5 Ra6 20.dxc6 bxc6 21.c5 d5 22.exd5 cxd5
23.Nxd5 Qc6 24.Qf3 Qxc5 25.Nxf6+ Rxf6 26.Qd5 Qb6 27.Rd2 h6 28.Re1 Rfe6 29.Qe4  1/2-1/2

[Event "Open A"]
[Site "Le Touquet FRA"]
[Date "2008.10.30"]
[Round "7"]
[White "Coudenis,A"]
[Black "Auvray,J"]
[Result "1/2-1/2"]
[WhiteElo "1949"]
[BlackElo "1853"]

1.d4 Nf6 2.c4 e6 3.Nf3 Bb4+ 4.Bd2 Qe7 5.a3 Bxd2+ 6.Nbxd2 O-O 7.e3 d6 8.Bd3 Nbd7
9.O-O b6 10.Qc2 Bb7 11.Ng5 h6 12.Nge4 e5 13.Nxf6+ Nxf6 14.d5 Nd7 15.b4 b5
16.e4 bxc4 17.Nxc4 f5 18.f3 Nf6 19.Na5 Rab8 20.Rac1 Rf7 21.Qf2 Ba8 22.Qxa7 Rbf8
23.Nc6 Bxc6 24.dxc6 fxe4 25.fxe4 d5 26.exd5 Qd6 27.Qc5 Qd8 28.Bf5 Nxd5 29.Be6 Nf4
30.Bxf7+ Rxf7 31.Qxe5 Nd3 32.Qe3 Nxc1 33.Qxc1 Qd4+ 34.Kh1 Re7 35.h3 Re2 36.Qf4 Qb2
37.Qf7+ Kh7 38.Qf5+ Kg8 39.Rd1 Re8 40.Qg6 Rf8 41.Qg3 Rf7 42.Rd8+ Kh7 43.Rd7 Qa1+
44.Kh2 Rf1 45.Qd3+ Kg8 46.Qd5+ Kh7 47.Qe4+ Kg8 48.Rd8+ Kf7 49.Rd7+ Kg8 50.Qc4+ Kh7
51.Qd3+ Kg8 52.Re7 Rh1+ 53.Kg3 Rf1 54.Kh2 Rh1+ 55.Kg3 Rf1 56.Kh2 Rh1+  1/2-1/2

[Event "TCh-BEL 2008-9"]
[Site "Belgium BEL"]
[Date "2008.11.02"]
[Round "3"]
[White "Bruehl,A"]
[Black "Winants,L"]
[Result "0-1"]
[WhiteElo "2365"]
[BlackElo "2516"]

1.d4 Nf6 2.c4 e6 3.Nf3 Bb4+ 4.Bd2 a5 5.g3 d6 6.Bg2 Nbd7 7.O-O e5 8.e3 Bxd2
9.Qxd2 O-O 10.Nc3 Re8 11.b3 h6 12.Qc2 c6 13.Nh4 Qc7 14.Rad1 Nb6 15.c5 dxc5
16.dxc5 Nbd5 17.Nxd5 cxd5 18.Bxd5 Nxd5 19.Rxd5 Be6 20.Rd6 Rac8 21.Rc1 e4
22.Ng2 g5 23.Ne1 Qxd6 24.cxd6 Rxc2 25.Rxc2 Rd8 26.Rd2 Kg7 27.Rd4 Kf6 28.Rxe4 Rxd6
29.Rd4 Rc6 30.Kf1 Rc1 31.Ke2 Ra1 32.Rd2 b5 33.Nd3 Rh1 34.Nc5 Bg4+ 35.Kd3 Rxh2
36.Rc2 Rh1 37.Ne4+ Kg7 38.Nd6 b4 39.Nc4 h5 40.Nxa5 h4 41.gxh4 gxh4 42.Ke4 Rf1
43.f4 h3 44.Rh2 f5+ 45.Ke5 Re1 46.Nc6 Rxe3+ 47.Kd6 Re2 48.Rh1 Rxa2 49.Ne5 Rb2
50.Rc1 Kf6 51.Nd7+ Kg6 52.Rc8 Rd2+ 53.Ke6 Rxd7  0-1

[Event "TCh-HUN 2008-9"]
[Site "Nagykanizsa HUN"]
[Date "2008.11.02"]
[Round "2"]
[White "Gyimesi,Z"]
[Black "Naiditsch,A"]
[Result "1/2-1/2"]
[WhiteElo "2592"]
[BlackElo "2678"]

1.d4 Nf6 2.c4 e6 3.Nf3 Bb4+ 4.Bd2 c5 5.Bxb4 cxb4 6.g3 O-O 7.Bg2 d6 8.O-O Nc6
9.Qb3 Qb6 10.a3 e5 11.e3 exd4 12.Nxd4 Nxd4 13.exd4 Qxd4 14.axb4 Be6 15.Rd1 Qb6
16.Nc3 Rac8 17.Nd5 Nxd5 18.Bxd5 Rfe8  1/2-1/2

[Event "21st Belgrade Trophy"]
[Site "Obrenovac SRB"]
[Date "2008.11.03"]
[Round "7"]
[White "Pantovic,D"]
[Black "Mladenovic,M"]
[Result "1/2-1/2"]
[WhiteElo "2147"]
[BlackElo "1871"]

1.d4 Nf6 2.Nf3 e6 3.c4 Bb4+ 4.Bd2 a5 5.g3 b6 6.Bg2 Bb7 7.Nc3 O-O 8.O-O Be7
9.Qc2 d5 10.Ne5 Nbd7 11.Bf4 Rb8 12.Rfd1 dxc4 13.Bxb7 Rxb7 14.Nc6 Qe8 15.e4 Nb8
16.Ne5 Bd6 17.a4 Nfd7 18.Nxd7 Nxd7 19.Bxd6 cxd6 20.Nb5 Qb8 21.Qxc4 Rc8 22.Qe2 Nf6
23.e5 dxe5 24.dxe5 Ne8 25.Ra3 Rc5 26.Re3 Nc7 27.Red3 Nd5 28.Nc3 Rd7 29.Nxd5 Rcxd5
30.Rxd5 Rxd5 31.Rxd5 exd5 32.e6 Qe8 33.e7 h6 34.Qe5 Kh7 35.Kf1 b5 36.b3 bxa4
37.bxa4 d4 38.Ke2 g5 39.Kd3 Kg6 40.Qd6+ f6 41.Qd8 Kf7 42.Qxe8+ Kxe8 43.Kxd4 Kxe7
44.Kc5 g4 45.Kb5 Kd6 46.Kxa5 Kc5 47.Ka6 Kc6 48.a5 h5 49.Ka7 Kc7 50.Ka6 Kc6  1/2-1/2

[Event "FSGM November"]
[Site "Budapest HUN"]
[Date "2008.11.05"]
[Round "5"]
[White "Thorfinnsson,Br"]
[Black "Kosic,D"]
[Result "1/2-1/2"]
[WhiteElo "2383"]
[BlackElo "2511"]

1.Nf3 Nf6 2.d4 e6 3.c4 Bb4+ 4.Bd2 Bxd2+ 5.Qxd2 O-O 6.Nc3 d5 7.e3 Qe7 8.Be2 Rd8
9.O-O dxc4 10.Bxc4 c5 11.Qe2 Nc6 12.Rad1 cxd4 13.exd4 Bd7 14.Rfe1 Na5 15.Bd3 Bc6
16.Ne5 Bd5 17.Bb1 Nc6 18.Qd3 h6  1/2-1/2

[Event "21st Belgrade Trophy"]
[Site "Obrenovac SRB"]
[Date "2008.11.05"]
[Round "9"]
[White "Abramovic,B"]
[Black "Peric,Sl"]
[Result "1-0"]
[WhiteElo "2484"]
[BlackElo "2237"]

1.d4 Nf6 2.Nf3 e6 3.c4 Bb4+ 4.Bd2 Qe7 5.g3 Bxd2+ 6.Qxd2 d6 7.Nc3 O-O 8.Bg2 Re8
9.O-O e5 10.e4 Bg4 11.Ne1 Nc6 12.f3 Bd7 13.Nc2 Nxd4 14.Nxd4 exd4 15.Qxd4 Qe5
16.Rad1 Qa5 17.b3 Be6 18.Rf2 Nd7 19.Qd2 a6 20.Bf1 Rac8 21.Qb2 Qh5 22.Ne2 Ne5
23.Bg2 Ng6 24.Nd4 Qc5 25.b4 Qa7 26.Nxe6 fxe6 27.f4 e5 28.f5 Ne7 29.c5 dxc5
30.Qxe5 Nc6 31.Qd5+ Kf8 32.f6 Ne5 33.Bh3 Rcd8 34.Qxd8 Rxd8 35.Rxd8+ Kf7 36.Be6+ Kxe6
37.fxg7  1-0

[Event "FSGM November"]
[Site "Budapest HUN"]
[Date "2008.11.08"]
[Round "8"]
[White "Ilincic,Z"]
[Black "Thorfinnsson,Br"]
[Result "1-0"]
[WhiteElo "2542"]
[BlackElo "2383"]

1.d4 Nf6 2.c4 e6 3.Nf3 Bb4+ 4.Bd2 Qe7 5.Qa4 Nc6 6.a3 Bxd2+ 7.Nbxd2 O-O 8.e3 d6
9.b4 e5 10.d5 Nd8 11.e4 Nh5 12.Rc1 f5 13.c5 fxe4 14.Nxe4 Bf5 15.Nfd2 Bg6
16.Qb3 Nf7 17.Bd3 Nf4 18.O-O Ng5 19.Rfe1 Ngh3+ 20.gxh3 Nxh3+ 21.Kh1 Qh4 22.f3 Rf5
23.Bf1 Nf4 24.Ng3 Rg5 25.Nde4 Bxe4 26.fxe4 Rf8 27.Qe3 Rg6 28.cxd6 cxd6 29.Nf5 Qg5
30.Rc7 Kh8 31.Rec1 h6 32.Rxb7 Qg4 33.Qg3 Nh3 34.Qxg4 Nf2+ 35.Kg1  1-0

[Event "Open"]
[Site "Kaikoura NZL"]
[Date "2008.11.11"]
[Round "7"]
[White "Davis,J"]
[Black "Forster,W"]
[Result "1-0"]
[WhiteElo "1895"]
[BlackElo "1956"]

1.d4 Nf6 2.c4 e6 3.Nf3 Bb4+ 4.Bd2 Qe7 5.a3 Bxd2+ 6.Nbxd2 b6 7.e4 Bb7 8.e5 Ne4
9.Nxe4 Bxe4 10.Nd2 Bb7 11.Qg4 f5 12.exf6 Qxf6 13.Be2 Nc6 14.Nf3 O-O 15.Rd1 Rae8
16.O-O d6 17.Ng5 h6 18.Nf3 e5 19.d5 Bc8 20.Qe4 Nd8 21.Nh4 Qf4 22.Qxf4 Rxf4
23.g3 Rf6 24.Bh5 Ref8 25.Ng6 R8f7 26.f4 exf4 27.Nxf4 Re7 28.Rfe1 Re5 29.Rxe5 dxe5
30.Ng6 Bg4 31.Bxg4 Rxg6 32.Bh5 Rf6 33.Re1 Rf5 34.Bg4 Rg5 35.Bc8 Kf8 36.Kg2 Nf7
37.Be6 Ke7 38.h4 Rg6 39.Bxf7 Kxf7 40.Rxe5 Rg4 41.b3 Rd4 42.Kf2 Rd2+ 43.Re2 Rd3
44.Re3 Rd2+ 45.Kf3 Ra2 46.a4 Rb2 47.Ke4 a5 48.Ke5 Rd2 49.Rf3+ Ke7 50.Kf5 Kf7
51.g4 Rh2 52.h5 Rg2 53.Kf4 Rd2 54.Ke3+  1-0

[Event "38th Olympiad"]
[Site "Dresden GER"]
[Date "2008.11.13"]
[Round "1"]
[White "Van Hoolandt,P"]
[Black "Amir,K"]
[Result "0-1"]
[WhiteElo "2231"]
[BlackElo "2265"]

1.d4 Nf6 2.c4 e6 3.Nf3 Bb4+ 4.Bd2 a5 5.g3 b6 6.Bg2 Bb7 7.O-O Bxd2 8.Nbxd2 Ne4
9.Nxe4 Bxe4 10.d5 O-O 11.Qd4 exd5 12.cxd5 Re8 13.Rac1 Na6 14.Rfd1 d6 15.e3 Nc5
16.Nd2 Bxg2 17.Kxg2 a4 18.e4 Qd7 19.Re1 Re7 20.Re3 f6 21.h3 Rae8 22.Rce1 h6
23.g4 Kf8 24.Nf1 c6 25.Ng3 cxd5 26.Qxd5 Re5 27.Qd4 Qc6 28.Kh2 Ne6 29.Qd2 Rc5
30.R3e2 Ng5 31.Kg2 Rc4 32.f3 a3 33.bxa3 Rc3 34.Rf2 Ra8 35.h4 Nxf3 36.Rxf3 Rc2
37.Re2 Rxd2 38.Rxd2 Qc5 39.Rfd3 Rxa3 40.Rxd6 Qc3 41.Rd8+ Kf7 42.R8d7+ Kg8
43.Nf5 Qh3+ 44.Kg1 Rg3+ 45.Nxg3 Qxg3+ 46.Kf1 Qf4+ 47.Rf2 Qxe4 48.Rd8+ Kh7
49.g5 fxg5 50.hxg5 Qh1+ 51.Ke2 Qh5+ 52.Kf1 Qxg5 53.Rdd2 h5 54.Rb2 Qc1+ 55.Kg2 Qc6+
56.Kh3 g5 57.Kh2 h4 58.Rbe2 Kg6 59.Re3 Qd6+ 60.Kg2 Qd5+ 61.Kh2 g4 62.Rfe2 Kf5
63.Re8 g3+ 64.Kg1 Kg4 65.R8e4+ Kh3 66.Re1 Qxa2 67.R4e2 Qa8 68.Re4 b5 69.Kh1 b4
70.Re2 Qa1+ 71.Re1 Qa2 72.R1e2 Qb1+ 73.Re1 Qc2 74.R1e2 b3 75.Rh2+  0-1

[Event "38th Olympiad"]
[Site "Dresden GER"]
[Date "2008.11.13"]
[Round "1"]
[White "Kotsur,P"]
[Black "Michel Yunis,C"]
[Result "1-0"]
[WhiteElo "2563"]
[BlackElo "2368"]

1.d4 Nf6 2.Nf3 e6 3.c4 Bb4+ 4.Bd2 c5 5.Bxb4 cxb4 6.g3 O-O 7.Bg2 d6 8.O-O Qc7
9.Qb3 a5 10.a3 Na6 11.Nbd2 e5 12.e3 Rb8 13.Ne1 Bf5 14.e4 Bg4 15.Nc2 bxa3
16.Qxa3 b6 17.Qd3 exd4 18.Qxd4 Rfe8 19.Rfe1 Be6 20.Rac1 Qc5 21.Bf1 Nd7 22.Qc3 Ne5
23.Nb3 Qc8 24.Nd2 Nc6 25.Nf3 Nab4 26.Nxb4 Nxb4 27.Qd2 Qc5 28.Nd4 Rbd8 29.Rc3 Bc8
30.Bg2 h6 31.h3 Bd7 32.Kh2 Bc8 33.f4 Bd7 34.Rd1 Ba4 35.b3 Bd7 36.g4 Qc7 37.Rg3 Na6
38.g5 hxg5 39.Rxg5 Nc5 40.Re1 Ne6 41.Rg3 Nf8 42.Rg1 Re7 43.Bf3 f6 44.Qg2 Bc8
45.Nb5 Qd7 46.Bg4 Ne6 47.Bxe6+ Qxe6 48.Rxg7+ Kh8 49.Qg3  1-0

[Event "38th Olympiad"]
[Site "Dresden GER"]
[Date "2008.11.14"]
[Round "2"]
[White "Lukey,S"]
[Black "Celis,S"]
[Result "1-0"]
[WhiteElo "2271"]
[BlackElo "2009"]

1.d4 Nf6 2.c4 e6 3.Nf3 Bb4+ 4.Bd2 Qe7 5.g3 Nc6 6.Bg2 O-O 7.O-O Bxd2 8.Qxd2 d6
9.Nc3 e5 10.Rfd1 Re8 11.d5 Nb8 12.e4 h6 13.b4 a5 14.a3 axb4 15.axb4 Rxa1
16.Rxa1 Na6 17.Qb2 c5 18.dxc6 bxc6 19.b5 cxb5 20.cxb5 Nc5 21.Nd2 Bb7 22.Ra7 Ra8
23.b6 Qd8 24.Nc4 Nfd7 25.Nxd6 Nxb6 26.Nxb7 Nxb7 27.Rxb7 Nc4 28.Qc1 Rc8 29.Bh3 Rc6
30.Rd7 Qc8 31.Qd1 Qa6 32.Rd8+ Kh7 33.Bf5+ g6 34.Qd7 Nd6 35.Bxg6+ Kxg6 36.Qg4+  1-0

[Event "38th Olympiad"]
[Site "Dresden GER"]
[Date "2008.11.14"]
[Round "2"]
[White "Zagorskis,D"]
[Black "Babula,V"]
[Result "1/2-1/2"]
[WhiteElo "2509"]
[BlackElo "2608"]

1.d4 Nf6 2.c4 e6 3.Nf3 Bb4+ 4.Bd2 a5 5.g3 d5 6.Qc2 O-O 7.Bg2 Nbd7 8.O-O c6
9.Bg5 Be7 10.Nbd2 h6 11.Bxf6 Nxf6 12.e4 b6 13.e5 Nd7 14.cxd5 cxd5 15.Rfc1 Ba6
16.Bf1 b5 17.a4 bxa4 18.Bxa6 Rxa6 19.Qxa4 Bb4 20.Nb3 Ra7 21.Nc5 Nxc5 22.dxc5 Rc7
23.c6 d4 24.Qb5 d3 25.Rd1 Qb8 26.Qxd3 Rxc6 27.Rac1 Qc7 28.Rxc6 Qxc6 29.Nd2 Rc8
30.Ne4 Qc2 31.b3 Qb2 32.Nd6 Rc3 33.Qe4 Qxb3 34.Qa8+ Kh7 35.Qe4+ Kg8 36.Qa8+ Kh7
37.Qe4+ g6 38.Rd4 Bc5 39.Rd2 Qb4 40.Qe2 Rc1+ 41.Kg2 Qb3 42.Ne4 Kg7 43.Rd7 Qc4
44.Qxc4 Rxc4 45.Kf3 Bb4 46.Ra7 Rc8 47.h4 Rd8 48.Ke2 g5 49.h5 g4 50.Ke3 Rd5
51.Kf4 Rd4 52.Ke3 Rd1 53.Ra8 Rd5 54.Kf4 Rd4 55.Ke3 Rd5 56.Kf4 Rd4  1/2-1/2

[Event "17th North American FIDE Inv"]
[Site "Skokie USA"]
[Date "2008.11.17"]
[Round "6"]
[White "Morales Garcia,S"]
[Black "Antonio,R"]
[Result "0-1"]
[WhiteElo "2279"]
[BlackElo "2515"]

1.d4 Nf6 2.c4 e6 3.Nf3 Bb4+ 4.Bd2 Qe7 5.g3 Nc6 6.Bg2 Bxd2+ 7.Qxd2 Ne4 8.Qc2 Qb4+
9.Kf1 f5 10.a3 Qe7 11.Nc3 Nxc3 12.Qxc3 O-O 13.Ne5 Nd8 14.f4 d6 15.Nf3 Bd7
16.Kf2 Bc6 17.Rad1 Be4 18.Ne1 Nf7 19.Qe3 e5 20.fxe5 dxe5 21.Bxe4 exd4 22.Rxd4 fxe4
23.Kg2 Nd6 24.Nc2 Qe6 25.Qb3 Nf5 26.Rd5 Nh4+  0-1

[Event "17th North American FIDE Inv"]
[Site "Skokie USA"]
[Date "2008.11.19"]
[Round "8"]
[White "Morales Garcia,S"]
[Black "Tsyganov,I"]
[Result "1/2-1/2"]
[WhiteElo "2279"]
[BlackElo "2248"]

1.d4 Nf6 2.c4 e6 3.Nf3 Bb4+ 4.Bd2 Qe7 5.Nc3 Bxc3 6.Bxc3 Ne4 7.Rc1 O-O 8.d5 Nxc3
9.Rxc3 d6 10.Qc2 e5 11.e4 c5 12.dxc6 Nxc6 13.h3 f5 14.Be2 Nd4 15.Qd2 Nxe2
16.Qxe2 fxe4 17.Qxe4 Bf5 18.Qe3 Bd7 19.O-O Bc6 20.Nd4 Rf4 21.Nxc6 bxc6 22.Re1 Raf8
23.Rc2 Qf7 24.Rd1 Rxc4 25.Rxc4 Qxc4 26.Rxd6 Qxa2 27.Qxe5 Qb1+ 28.Kh2 Qf5
29.Qxf5 Rxf5 30.Kg3 Rb5 31.Rxc6 Rb3+ 32.f3 Rxb2 33.Rc8+ Kf7 34.Rc7+ Kf6 35.Rxa7 Rb6
36.h4 h5 37.Kh3 g6 38.g4 hxg4+ 39.Kxg4 Rb5 40.Ra6+ Kg7  1/2-1/2

[Event "TCh-AUT 2nd Bundesliga Ost 2008-9"]
[Site "Austria AUT"]
[Date "2008.11.22"]
[Round "4"]
[White "Farago,I"]
[Black "Polak,T"]
[Result "1/2-1/2"]
[WhiteElo "2489"]
[BlackElo "2553"]

1.d4 Nf6 2.c4 e6 3.Nf3 Bb4+ 4.Bd2 a5 5.g3 b6 6.Bg2 Bb7 7.O-O O-O 8.Bf4 Be7
9.Nc3 Ne4 10.Na4 d6 11.Nd2 Nxd2 12.Bxb7 Ra7 13.Qxd2 Rxb7 14.e4 Nd7 15.Nc3 Re8
16.Be3 Nf8 17.Rad1 Qd7 18.Rfe1 Rbb8 19.Qc2 h6 20.Qa4  1/2-1/2

[Event "38th Olympiad"]
[Site "Dresden GER"]
[Date "2008.11.23"]
[Round "10"]
[White "Solomon,K"]
[Black "Alice,M"]
[Result "1/2-1/2"]
[WhiteElo "2337"]
[BlackElo "2201"]

1.d4 Nf6 2.c4 e6 3.Nf3 Bb4+ 4.Bd2 Qe7 5.g3 Nc6 6.Nc3 Bxc3 7.Bxc3 Ne4 8.Rc1 Nxc3
9.Rxc3 O-O 10.Bg2 d6 11.d5 Nb8 12.dxe6 fxe6 13.Nd4 e5 14.Nc2 Nc6 15.b4 Be6
16.b5 Nd8 17.Nb4 Kh8 18.O-O Rc8 19.Qa4 c5 20.Nd5 Bxd5 21.Bxd5 b6 22.Qc2 Ne6
23.e3 Rf6 24.Qe4 Rcf8 25.Qh4 Qd7 26.Be4 Rh6 27.Qg4 Qe7 28.Bf5 Rhf6 29.Bxe6 Rxe6
30.Qe4 Qf7 31.f3 Rf6 32.Kg2 Rh6 33.Rc2 Qh5 34.Kg1 Rhf6 35.Rcf2 Qf7 36.a4 Rd8
37.Rd1 Rf8 38.Kg2 Qe7 39.Ra1 Qc7 40.Ra3 h6 41.Rd3 Qf7 42.Rd5 Re6 43.Rdd2 Rf6
44.Rd1 Kg8 45.Ra1 Qc7 46.Qd5+ Kh8 47.Raa2 Rf5 48.Qe4 R5f6 49.Rf1 Kg8 50.Kg1 Kh8
51.Kg2 Kg8 52.g4 R6f7 53.Qd5 Kh7 54.Rff2 Kh8 55.Qe4 Qd8 56.Kg3 a5 57.Rad2 Rd7
58.Rd5 Qf6 59.Kg2 Qh4 60.Qg6 Qf6 61.Qe4 Qh4 62.Rd1 Qd8 63.Rfd2 Qf6 64.Rf2 Qd8
65.h3 Rf6 66.Kg3 Rf8 67.h4 Qa8 68.Rd5 Qd8 69.Rd1 Qa8 70.Qc6 Qd8 71.Rfd2 Rdf7
72.Rf2 Rd7 73.Qd5 Qa8 74.Qxa8 Rxa8 75.Rfd2 Rad8 76.f4 exf4+ 77.exf4 Kg8 78.f5 Kf7
79.Kf4 g6 80.Rd5 gxf5 81.Rxf5+ Kg7 82.Ke4 Re7+ 83.Kd5 Re2 84.Kc6 Re4 85.Rc1 d5
86.Rxd5 Re6+ 87.Kc7 Rf8 88.Rd7+ Kg8 89.Rcd1 Re4 90.R1d6 Rxg4 91.Rxh6 Rxc4
92.Rg6+ Kh8 93.Rh6+ Kg8 94.Rg6+ Kh8 95.h5 Rxa4 96.Rh6+ Kg8 97.Rg6+ Kh8 98.Rgg7 Rf6
99.Rge7 Rg4 100.Kb7 a4 101.Re8+  1/2-1/2

[Event "21st Belgrade Trophy"]
[Site "Obrenovac SRB"]
[Date "2008.11.27"]
[Round "1"]
[White "Ratkovic,Milov"]
[Black "Bergsson,Sn"]
[Result "0-1"]
[WhiteElo "1985"]
[BlackElo "2340"]

1.d4 Nf6 2.Nf3 e6 3.c4 Bb4+ 4.Bd2 Qe7 5.Nc3 O-O 6.e3 b6 7.Bd3 Bb7 8.O-O Bxc3
9.Bxc3 d6 10.Qe2 Ne4 11.Bxe4 Bxe4 12.Nd2 Bb7 13.e4 e5 14.d5 Nd7 15.Qg4 Nf6
16.Qe2 Nd7 17.b4 f5 18.f4 exf4 19.Rxf4 c6 20.Qd3 cxd5 21.exd5 Rae8 22.Raf1 Qe3+
23.Qxe3 Rxe3 24.R4f3 Rfe8 25.Rxe3 Rxe3 26.Rf3 Re1+ 27.Kf2 Rc1 28.Re3 Kf7
29.Bxg7 b5 30.Bc3 Nb6 31.Rg3 bxc4 32.Rg7+ Ke8 33.Rxb7 Rxc3 34.Rxa7 Rc2 35.Ke1 Nxd5
36.b5 Rc1+ 37.Kf2 c3 38.Nb3 Rb1 39.Ra6 Nb4 40.Rxd6 Ke7 41.Rd4 Nxa2  0-1

[Event "UTD Invitational GM"]
[Site "Richardson USA"]
[Date "2008.11.29"]
[Round "7"]
[White "Bercys,S"]
[Black "Stopa,Ja"]
[Result "1/2-1/2"]
[WhiteElo "2428"]
[BlackElo "2461"]

1.d4 Nf6 2.Nf3 e6 3.c4 Bb4+ 4.Bd2 c5 5.Bxb4 cxb4 6.g3 O-O 7.Bg2 d6 8.O-O Nc6
9.a3 Re8 10.axb4 Nxb4 11.Na3 Bd7 12.Qb3 a5 13.Ne1 Rb8 14.Nd3 Nxd3 15.Qxd3 Qb6
16.Rfb1 e5 17.c5 Qd8 18.dxe5 dxe5 19.Nc4 e4 20.Qc2 Qc7 21.Rxa5 b5 22.cxb6 Rxb6
23.Qc3 Rc6 24.b3 h6 25.e3 Be6 26.Bf1 Rb8 27.Rba1 Qd8 28.Qc2 Rbc8 29.Qa2 Nh7
30.h4 g5 31.Qb1 gxh4 32.Qxe4 Ng5 33.Qf4 Bxc4 34.bxc4 Rxc4 35.Qf5 Rb4 36.gxh4 Rxh4
37.Bg2 Rhc4 38.Bd5 Rc1+ 39.Rxc1 Rxc1+ 40.Kg2 Kg7 41.Qe5+ Qf6 42.Qg3 Ra1 43.Rxa1 Qxa1
44.f4 Qd1 45.Be4 Qe2+ 46.Kg1 Qd1+ 47.Kh2 Qh5+ 48.Kg1  1/2-1/2

[Event "Mediterranean Open"]
[Site "Rijeka CRO"]
[Date "2008.11.30"]
[Round "2"]
[White "Zaja,I"]
[Black "Susak,Z"]
[Result "1/2-1/2"]
[WhiteElo "2461"]
[BlackElo "2232"]

1.d4 Nf6 2.c4 e6 3.Nf3 Bb4+ 4.Bd2 a5 5.g3 d6 6.Bg2 Nbd7 7.O-O e5 8.Bg5 exd4
9.Nxd4 O-O 10.a3 Bc5 11.Nc3 h6 12.Bc1 c6 13.Na4 Ba7 14.Nf5 Nc5 15.Nxd6 Nxa4
16.Nxc8 Qxd1 17.Ne7+ Kh8 18.Rxd1 Rae8 19.Nf5 Rxe2 20.Ne3 Nxb2 21.Bxb2 Rxb2
22.Rab1 Rxb1 23.Rxb1 Rb8  1/2-1/2